000 00969cam9a220027700 4500
001 qce00852112
005 20190826102544.0
008 730822s1962 ilu 000 0 eng u
010 _a 61018823
035 _a(Sirsi) r61743
035 _a(QCAT)lss00459280
035 _a(UPRA)qce00852112
040 _dUPRA
050 0 _aTS205
_b.R83
100 1 _aRusinoff, S. E. (Samuel Eugene), 1894-
_qRusinoff, S. E. (Samuel Eugene), 1894-
_dRusinoff, S. E. (Samuel Eugene), 1894-
_6A19344.1
245 1 0 _aManufacturing processes :
_bmaterials and production.
250 _a[Rev.].
260 _aChicago :
_bAmerican Technical Society,
_c[1962]
500 _aAdditional imprint on pasted label: London, The Technical Press.
504 _aIncludes bibliographical references.
650 0 _aMetal-work.
_6S820.1
650 0 _aPlastics.
_6S5050.1
650 0 _aMachine-shop practice.
_6S14013.1
949 _aTS205
_wlcc
_i-81373
_mMAIN
_tBOOK
_lON-SHELF
004 61743
999 _c164493
_d164493